Художественная обработка металлов

Dades bibliogràfiques
Autor principal: Мельников И. В. Илья Валерьевич
Sumari:Книга знакомит с практическими операциями и приемами ручной художественной обработки металлов, применяемых при художественной ковке, чеканных, дифовочных, граверных и иных работах, а также с оборудованием и инструментами для этих работ. Рассмотрены технология соединения отдельных изделий (пайка, сварка, клепка, склеивание) и некоторые способы отделки ювелирных изделий. Для учащихся профессиональных учебных заведений, учебных комбинатов, мастеров художественных и ювелирных изделий. Может быть полезна для художников и мастеров, работающих в области декоративно-прикладного искусства, реставраторов, для профессионального обучения рабочих на производстве, а также для профориентации учащихся общеобразовательных школ и ознакомления с технологией художественной обработки металлов всех интересующихся техническими возможностями ремесленной основы этого искусства.
Idioma:rus
Publicat: Ростов-на-Дону, Феникс, 2005
Col·lecció:Профессиональное мастерство
Matèries:
Format: Llibre
KOHA link:https://koha.lib.tpu.ru/cgi-bin/koha/opac-detail.pl?biblionumber=106014

MARC

LEADER 00000nam0a2200000 4500
001 106014
005 20231031114735.0
010 |a 5222058565 
035 |a (RuTPU)RU\TPU\book\114407 
090 |a 106014 
100 |a 20061130d2005 km y0rusy50 ca 
101 0 |a rus 
102 |a RU 
105 |a a z 001zy 
200 1 |a Художественная обработка металлов  |f И. В. Мельников 
210 |a Ростов-на-Дону  |c Феникс  |d 2005 
215 |a 442 с.  |c ил. 
225 1 |a Профессиональное мастерство 
320 |a Библиогр.: с. 435. 
330 |a Книга знакомит с практическими операциями и приемами ручной художественной обработки металлов, применяемых при художественной ковке, чеканных, дифовочных, граверных и иных работах, а также с оборудованием и инструментами для этих работ. Рассмотрены технология соединения отдельных изделий (пайка, сварка, клепка, склеивание) и некоторые способы отделки ювелирных изделий. Для учащихся профессиональных учебных заведений, учебных комбинатов, мастеров художественных и ювелирных изделий. Может быть полезна для художников и мастеров, работающих в области декоративно-прикладного искусства, реставраторов, для профессионального обучения рабочих на производстве, а также для профориентации учащихся общеобразовательных школ и ознакомления с технологией художественной обработки металлов всех интересующихся техническими возможностями ремесленной основы этого искусства. 
610 1 |a металлообработка 
610 1 |a художественная обработка 
610 1 |a металлы 
610 1 |a сплавы 
610 1 |a свойства 
610 1 |a термическая обработка 
610 1 |a драгоценные металлы 
610 1 |a ювелирные изделия 
610 1 |a драгоценные камни 
610 1 |a поделочные камни 
610 1 |a золото 
610 1 |a художественные изделия 
610 1 |a ковка художественная 
610 1 |a декорирование 
610 1 |a чеканка 
610 1 |a гравировка 
610 1 |a филигрань 
610 1 |a отделка 
610 1 |a химические способы 
610 1 |a защитные покрытия 
610 1 |a безопасность 
610 1 |a охрана труда 
610 1 |a производственная санитария 
610 1 |a первая помощь 
610 1 |a противопожарные мероприятия 
675 |a 739  |v 3 
700 1 |a Мельников  |b И. В.  |g Илья Валерьевич 
801 1 |a RU  |b 63413507  |c 20061130  |g PSBO 
801 2 |a RU  |b 63413507  |c 20150930  |g PSBO 
900 |a Технология и оборудование механической обработки художественных изделий 
900 |a Конструирование художественных изделий 
942 |c BK 
959 |a 37/20080325  |d 1  |e 220,00  |f АНЛ:1